000 00881nmm a2200277 a 4500
001 ocm000608114
003 TR-IsHL
005 20201028134858.0
008 131203s2007 tu tur
007 cr cn
020 _a9789944425162
035 _a608114
_b(N$T)
050 0 4 _aPS3608.A68
_bK2 2007
090 0 4 _aPS3608.A68
_bK2 2007
100 1 _aHamilton, Denise
245 1 0 _aKaçış yok
_h[electronic resource] /
_cDenise Hamilton ; çev. Füsun Talay
260 _aİstanbul :
_bBilge Kültür Sanat,
_c2007
300 _a348 p.
650 4 _aDil ve Edebiyat
650 4 _aLanguage and Literature
650 0 _aAmerikan romanı
650 0 _aAmerican fiction
650 7 _aLITERARY COLLECTIONS / American / General
_2bisacsh
700 1 _aTalay, Füsun
856 4 0 _uhttp://search.ebscohost.com/login.aspx?direct=true&scope=site&db=e011xww&AN=608114
999 _c6438
_d6438